| 000 | 00357nam a22001217a 4500 | ||
|---|---|---|---|
| 999 |
_c1118 _d1118 |
||
| 005 | 20200825104655.0 | ||
| 008 | 200825b ||||| |||| 00| 0 eng d | ||
| 020 | _a0340118520 | ||
| 040 | _cCML | ||
| 245 |
_aReading which Approach? _cSouthgate, V. |
||
| 260 |
_aLondon _bUniversity of London _c1973 |
||
| 942 |
_2ddc _cBK _e1st Edition _h418 _mSOU |
||